[Event "Titled Tuesday intern op 16th Apr Late"]
[Site "Chess.com INT"]
[Date "2024.04.16"]
[Round "1"]
[White "Dobrikov, Marco"]
[Black "Mihajlovskij, Sergei"]
[Result "1-0"]
[WhiteElo "2364"]
[BlackElo "2314"]
[PlyCount "77"]
[EventDate "2024.04.16"]
[EventType "swiss (blitz)"]
[EventRounds "11"]
[EventCountry "USA"]
[SourceTitle "CB17_2024"]
[SourceDate "2024.04.24"]
[SourceVersion "1"]
[SourceVersionDate "2024.04.24"]
[SourceQuality "1"]

1. e4 d5 2. Nc3 Nf6 3. e5 Ne4 4. Nce2 d4 5. d3 Nc5 6. f4 Nc6 7. Nf3 Bg4 8. Ng3 Qd5 9. Be2 e6 10. 0-0 h6 11. Bd2 0-0-0 12. b4 Na4 13. a3 f6 14. exf6 gxf6 15. Nh4 Bxe2 16. Qxe2 Bg7 17. Nh5 Rd7 18. Rae1 Re8 19. g4 Rde7 20. Qg2 Qd7 21. h3 Nc3 22. f5 e5 23. Ng6 Rf7 24. Nxg7 Rxg7 25. Bxh6 Rh7 26. Bd2 Nd5 27. h4 Rg8 28. h5 Nce7 29. Qe4 Qe8 30. Kg2 Qc6 31. Rf3 Qxc2 32. Re2 Qa4 33. g5 fxg5 34. f6 Nxg6 35. Qxd5 Qe8 36. hxg6 Qxg6 37. Qxe5 Rf8 38. Qf5+ Qxf5 39. Rxf5 1-0

[Event "Titled Tuesday intern op 16th Apr Late"]
[Site "Chess.com INT"]
[Date "2024.04.16"]
[Round "3"]
[White "Mihajlovskij, Sergei"]
[Black "Alcazar Jimenez, Jesus Alberto"]
[Result "0-1"]
[WhiteElo "2314"]
[BlackElo "2147"]
[PlyCount "116"]
[EventDate "2024.04.16"]
[EventType "swiss (blitz)"]
[EventRounds "11"]
[EventCountry "USA"]
[SourceTitle "CB17_2024"]
[SourceDate "2024.04.24"]
[SourceVersion "1"]
[SourceVersionDate "2024.04.24"]
[SourceQuality "1"]

1. e4 c5 2. Nf3 e6 3. d4 cxd4 4. Nxd4 Nf6 5. Nc3 Nc6 6. Nxc6 bxc6 7. e5 Nd5 8. Ne4 f5 9. Nd6+ Bxd6 10. exd6 0-0 11. c4 Nf6 12. Be2 c5 13. Bf3 Rb8 14. 0-0 Bb7 15. b3 Bxf3 16. Qxf3 Rb6 17. Rd1 Ne4 18. Bf4 Qf6 19. Be3 Rc8 20. h3 Rxd6 21. Rxd6 Nxd6 22. Rd1 Rc6 23. Bxc5 Rxc5 24. Rxd6 Rc7 25. Qd1 Qe7 26. Qd4 Kf7 27. Kf1 e5 28. Qd5+ Kf8 29. Ke2 g6 30. Kd1 e4 31. Qd4 Qg7 32. Rf6+ Kg8 33. Qd5+ Kh8 34. Qe5 Rc8 35. Kc2 h5 36. Qd6 Rg8 37. h4 Kh7 38. g3 Re8 39. Kd2 Re6 40. Rxe6 dxe6 41. Ke3 Qc3+ 42. Kf4 e5+ 43. Kg5 Qc1+ 44. Kf6 Qh6 45. Qe7+ Kh8 46. Qe8+ Kh7 47. Qf7+ Kh8 48. Qxg6 Qxg6+ 49. Kxg6 f4 50. Kf5 e3 51. gxf4 e2 52. fxe5 e1Q 53. Kf6 Qxf2+ 54. Ke7 Qe3 55. e6 Qe4 56. Kd7 Kg7 57. e7 Kf7 58. Kd6 Qxe7+ 0-1

[Event "Titled Tuesday intern op 16th Jan Early"]
[Site "Chess.com INT"]
[Date "2024.01.16"]
[Round "4"]
[White "Mihajlovskij, Sergei"]
[Black "Jaiveer, Mahendru"]
[Result "0-1"]
[WhiteElo "2314"]
[BlackElo "2294"]
[PlyCount "92"]
[EventDate "2024.01.16"]
[EventType "swiss (blitz)"]
[EventRounds "11"]
[EventCountry "USA"]
[SourceTitle "CB04_2024"]
[SourceDate "2023.10.16"]
[SourceVersion "1"]
[SourceVersionDate "2023.10.16"]
[SourceQuality "1"]

1. e4 d6 2. d4 e6 3. Nc3 Nd7 4. Nf3 Ne7 5. g3 b6 6. Bg2 Bb7 7. Bf1 g6 8. Bg2 Bg7 9. 0-0 0-0 10. Qe2 a6 11. Rd1 b5 12. Bg5 h6 13. Bxe7 Qxe7 14. Qe3 Nb6 15. b3 c5 16. dxc5 dxc5 17. Rac1 Rfd8 18. h4 Qc7 19. Ne2 c4 20. h5 g5 21. Nh2 Qc6 22. f4 Bf8 23. Kh1 Be7 24. Ng4 Kh7 25. Nd4 Qc5 26. c3 gxf4 27. Qxf4 Qxh5+ 28. Kg1 Bg5 29. Qf3 Qg6 30. Ne5 Qg7 31. Qxf7 Qxf7 32. Nxf7 Bxc1 33. Rxc1 Rf8 34. Nd6 Ra7 35. Nxe6 Rf6 36. Nxb7 Rxe6 37. Nc5 Re5 38. b4 Rg7 39. Rd1 Rxg3 40. Kh2 Rxc3 41. Rd6 Na4 42. Nd7 Rh5+ 43. Kg1 Rc1+ 44. Kf2 Rc2+ 45. Kg1 Rg5 46. Nf6+ Kg7 0-1

[Event "Titled Tuesday intern op 26th Sep Early"]
[Site "Chess.com INT"]
[Date "2023.09.26"]
[Round "5"]
[White "Mihajlovskij, Sergei"]
[Black "Hoffmann, Asa"]
[Result "0-1"]
[WhiteElo "2314"]
[BlackElo "2185"]
[PlyCount "50"]
[EventDate "2023.09.26"]
[EventType "swiss (blitz)"]
[EventRounds "11"]
[EventCountry "USA"]
[SourceTitle "EXT 2024"]
[Source "ChessBase"]
[SourceDate "2023.10.10"]
[SourceVersion "1"]
[SourceVersionDate "2023.10.10"]
[SourceQuality "1"]

1. e4 d6 2. d4 Nf6 3. Nc3 c6 4. Nf3 Bg4 5. Be3 e6 6. Qd2 d5 7. e5 Nfd7 8. Ng1 c5 9. h3 Bf5 10. g4 Bg6 11. Nge2 Nc6 12. f4 cxd4 13. Nxd4 Bb4 14. a3 Qa5 15. Nb3 Bxc3 16. Nxa5 Bxd2+ 17. Bxd2 Nxa5 18. Bxa5 Bxc2 19. Rc1 Be4 20. Rh2 f6 21. exf6 Nxf6 22. Rc7 0-0 23. Rxb7 Rfc8 24. Bc3 d4 25. Bxd4 Bxb7 0-1

[Event "Titled Tuesday intern op 26th Sep Early"]
[Site "Chess.com INT"]
[Date "2023.09.26"]
[Round "3"]
[White "Mihajlovskij, Sergei"]
[Black "Panda, Sambit"]
[Result "1-0"]
[WhiteElo "2314"]
[BlackElo "2395"]
[PlyCount "101"]
[EventDate "2023.09.26"]
[EventType "swiss (blitz)"]
[EventRounds "11"]
[EventCountry "USA"]
[SourceTitle "EXT 2024"]
[Source "ChessBase"]
[SourceDate "2023.10.10"]
[SourceVersion "1"]
[SourceVersionDate "2023.10.10"]
[SourceQuality "1"]

1. e4 c6 2. d4 d5 3. e5 Bf5 4. Be2 f6 5. g4 Be4 6. f3 Bg6 7. f4 Be4 8. Nf3 c5 9. dxc5 Nc6 10. Rf1 e6 11. Nbd2 Bxc5 12. exf6 Nxf6 13. g5 Ng4 14. Nxe4 dxe4 15. Qxd8+ Rxd8 16. Nd2 Nxh2 17. Rh1 Nd4 18. Rxh2 Nxc2+ 19. Kf1 Nxa1 20. Nxe4 Bd4 21. b3 0-0 22. Bc4 Kh8 23. Bxe6 Be5 24. Ke2 Nc2 25. fxe5 Nd4+ 26. Ke3 Rf3+ 27. Kd2 Nxe6+ 28. Kc2 Rc8+ 29. Kb2 Rf5 30. Nd6 Rxc1 31. Kxc1 Rf1+ 32. Kb2 Nxg5 33. Re2 Ne6 34. Nxb7 h5 35. b4 g5 36. Nc5 Nf4 37. e6 Ng6 38. e7 Nxe7 39. Rxe7 g4 40. Nd3 g3 41. Re2 h4 42. Re4 g2 43. Rxh4+ Kg7 44. Rg4+ Kf6 45. Rxg2 Ke6 46. Kc3 Kd5 47. Rg5+ Kc6 48. a4 Kb7 49. b5 Kb6 50. Rg6+ Ka5 51. Ra6# 1-0

[Event "Titled Tuesday intern op 19th Sep Late"]
[Site "Chess.com INT"]
[Date "2023.09.19"]
[Round "2"]
[White "Mihajlovskij, Sergei"]
[Black "Seletsky, Grigory"]
[Result "0-1"]
[WhiteElo "2314"]
[BlackElo "2220"]
[PlyCount "44"]
[EventDate "2023.09.19"]
[EventType "swiss (blitz)"]
[EventRounds "11"]
[EventCountry "USA"]
[SourceTitle "EXT 2024"]
[Source "ChessBase"]
[SourceDate "2023.10.10"]
[SourceVersion "1"]
[SourceVersionDate "2023.10.10"]
[SourceQuality "1"]

1. e4 c5 2. Nf3 e6 3. d4 cxd4 4. Nxd4 Nf6 5. Nc3 Bb4 6. Ndb5 Qa5 7. Bd2 a6 8. Nd4 Qc7 9. f3 0-0 10. Bd3 b5 11. Qe2 Bb7 12. 0-0-0 Nc6 13. Nxc6 Bxc6 14. e5 Nd5 15. Nxd5 Bxd2+ 16. Rxd2 Bxd5 17. Kb1 b4 18. Be4 Bxe4 19. Qxe4 a5 20. Rhd1 Rfd8 21. Rxd7 Qb6 22. R1d6 Qg1+ 0-1

[Event "Titled Tuesday intern op 25th Apr Early"]
[Site "Chess.com INT"]
[Date "2023.04.25"]
[Round "4"]
[White "Mihajlovskij, Sergei"]
[Black "Flis, Pawel"]
[Result "1-0"]
[WhiteElo "2326"]
[BlackElo "1879"]
[PlyCount "49"]
[EventDate "2023.04.25"]
[EventType "swiss (blitz)"]
[EventRounds "11"]
[EventCountry "USA"]
[SourceTitle "EXT 2024"]
[Source "ChessBase"]
[SourceDate "2023.10.10"]
[SourceVersion "1"]
[SourceVersionDate "2023.10.10"]
[SourceQuality "1"]

1. e4 c5 2. Nf3 d6 3. d4 Nf6 4. Nc3 cxd4 5. Qxd4 a6 6. Bc4 Nc6 7. Qd3 e6 8. Bf4 Qc7 9. 0-0-0 b5 10. Bb3 b4 11. Ne2 e5 12. Bg5 Be6 13. Bxf6 gxf6 14. Kb1 Na5 15. Ng3 Nxb3 16. cxb3 Qb6 17. Nh4 0-0-0 18. Nhf5 Kb8 19. Ne3 Bh6 20. Nd5 Bxd5 21. Qxd5 Qxf2 22. Rhf1 Qc5 23. Rxf6 Qxd5 24. Rxd5 Rd7 25. Rxh6 1-0

[Event "Titled Tuesday intern op 25th Apr Early"]
[Site "Chess.com INT"]
[Date "2023.04.25"]
[Round "11"]
[White "Mihajlovskij, Sergei"]
[Black "Kiseleva, Arina"]
[Result "1-0"]
[WhiteElo "2326"]
[BlackElo "1962"]
[PlyCount "119"]
[EventDate "2023.04.25"]
[EventType "swiss (blitz)"]
[EventRounds "11"]
[EventCountry "USA"]
[SourceTitle "EXT 2024"]
[Source "ChessBase"]
[SourceDate "2023.10.10"]
[SourceVersion "1"]
[SourceVersionDate "2023.10.10"]
[SourceQuality "1"]

1. e4 c6 2. d4 d5 3. e5 Bf5 4. Nc3 e6 5. g4 Bg6 6. Nge2 c5 7. Nf4 Nc6 8. Be3 cxd4 9. Bxd4 Bxc2 10. Qxc2 Nxd4 11. Qa4+ Nc6 12. Bb5 Qc7 13. 0-0-0 Nge7 14. Rhe1 a6 15. Bf1 Rc8 16. Kb1 Qa5 17. Qc2 d4 18. Ne4 Qxe5 19. Nd3 Qc7 20. Qc5 Nd5 21. Qc2 Ncb4 22. Nxb4 Bxb4 23. Qxc7 Rxc7 24. Re2 Nf4 25. Rc2 Rxc2 26. Kxc2 e5 27. a3 Be7 28. Ng3 0-0 29. Nf5 Rc8+ 30. Kb1 Bg5 31. h4 Bd8 32. g5 g6 33. Nd6 Rc7 34. Ne4 Be7 35. a4 Kg7 36. b3 Bb4 37. Bc4 Rd7 38. Nf6 Rd8 39. Kc2 h5 40. f3 d3+ 41. Bxd3 Nxd3 42. Rxd3 Rxd3 43. Kxd3 Be7 44. Nd5 Bd8 45. Ke4 f6 46. f4 exf4 47. Kxf4 fxg5+ 48. hxg5 Kf7 49. Ne3 Ke6 50. Ng2 Bc7+ 51. Ke4 b5 52. axb5 axb5 53. Nh4 Bd6 54. Nxg6 Kf7 55. Nh4 Be7 56. Kf5 Kg7 57. Ng2 Bd8 58. Nf4 h4 59. Kg4 h3 60. Nxh3 1-0

[Event "Titled Tuesday intern op 25th Apr Early"]
[Site "Chess.com INT"]
[Date "2023.04.25"]
[Round "2"]
[White "Rodchenkov, Sergey D"]
[Black "Mihajlovskij, Sergei"]
[Result "1-0"]
[WhiteElo "2346"]
[BlackElo "2326"]
[PlyCount "103"]
[EventDate "2023.04.25"]
[EventType "swiss (blitz)"]
[EventRounds "11"]
[EventCountry "USA"]
[SourceTitle "EXT 2024"]
[Source "ChessBase"]
[SourceDate "2023.10.10"]
[SourceVersion "1"]
[SourceVersionDate "2023.10.10"]
[SourceQuality "1"]

1. e4 d5 2. exd5 Qxd5 3. Nc3 Qe5+ 4. Be2 Bg4 5. d4 Bxe2 6. Ngxe2 Qa5 7. 0-0 Nf6 8. a3 Nc6 9. b4 Nxb4 10. Bd2 Nc6 11. Rb1 0-0-0 12. Nb5 Qa6 13. c4 e6 14. Qb3 Ne4 15. Bf4 Nd6 16. a4 Na5 17. Qc2 c6 18. c5 Nxb5 19. axb5 cxb5 20. Ra1 Kd7 21. Qc3 b6 22. cxb6 axb6 23. Qc7+ Ke8 24. Rfc1 Be7 25. Ng3 Qb7 26. Qc3 Nc4 27. Nh5 Bf6 28. Be5 Bxe5 29. dxe5 g6 30. Nf6+ Kf8 31. Qg3 h5 32. h4 Kg7 33. Rd1 Rxd1+ 34. Rxd1 Qb8 35. f4 Rd8 36. Rf1 Kf8 37. Qg5 Rd2 38. Kh2 Ne3 39. Rg1 Qb7 40. Kh3 b4 41. Nh7+ Ke8 42. Nf6+ Kd8 43. Ne4+ Kc8 44. Nxd2 Qd5 45. Nf3 b3 46. Rc1+ Kb7 47. Qe7+ Ka6 48. Qa3+ Kb7 49. Qe7+ Ka6 50. Qb4 Qb5 51. Ra1+ Qa5 52. Rxa5+ 1-0

[Event "Titled Tuesday intern op 18th Apr Late"]
[Site "Chess.com INT"]
[Date "2023.04.18"]
[Round "10"]
[White "Jaskolka, Tomasz"]
[Black "Mihajlovskij, Sergei"]
[Result "1-0"]
[WhiteElo "2238"]
[BlackElo "2326"]
[PlyCount "57"]
[EventDate "2023.04.18"]
[EventType "swiss (blitz)"]
[EventRounds "11"]
[EventCountry "USA"]
[SourceTitle "EXT 2024"]
[Source "ChessBase"]
[SourceDate "2023.10.10"]
[SourceVersion "1"]
[SourceVersionDate "2023.10.10"]
[SourceQuality "1"]

1. d4 Nf6 2. c4 g6 3. g3 Bg7 4. Bg2 0-0 5. Nf3 d6 6. 0-0 c5 7. e3 Nc6 8. b3 Bg4 9. Bb2 Nd7 10. h3 Bxf3 11. Bxf3 a6 12. Kg2 cxd4 13. exd4 Qb6 14. Nc3 Rfe8 15. Nd5 Qd8 16. Qd2 e5 17. Kg1 f5 18. dxe5 Ndxe5 19. Bg2 Rc8 20. Rad1 b5 21. cxb5 axb5 22. Ne3 Nf7 23. Bxg7 Kxg7 24. Qd5 Re5 25. Qd3 Qa5 26. Qc2 Qa3 27. Qc3 Ne7 28. Qa1 Rc2 29. Nxc2 1-0

[Event "Titled Tuesday intern op 18th Apr Late"]
[Site "Chess.com INT"]
[Date "2023.04.18"]
[Round "7"]
[White "Mihajlovskij, Sergei"]
[Black "Hajiyev, Kanan"]
[Result "1-0"]
[WhiteElo "2326"]
[BlackElo "2194"]
[PlyCount "55"]
[EventDate "2023.04.18"]
[EventType "swiss (blitz)"]
[EventRounds "11"]
[EventCountry "USA"]
[SourceTitle "EXT 2024"]
[Source "ChessBase"]
[SourceDate "2023.10.10"]
[SourceVersion "1"]
[SourceVersionDate "2023.10.10"]
[SourceQuality "1"]

1. e4 c6 2. d4 d5 3. e5 c5 4. c3 cxd4 5. cxd4 Nc6 6. Nc3 Bf5 7. g4 Bg6 8. Nge2 e6 9. Nf4 Bb4 10. h4 h5 11. Nxg6 fxg6 12. Bb5 Qb6 13. Ba4 Nge7 14. Bg5 0-0-0 15. Bxc6 Qxc6 16. Rc1 Kb8 17. a3 Bxc3+ 18. Rxc3 Qd7 19. Bxe7 Qxe7 20. g5 Rhf8 21. Qe2 Rc8 22. Rhh3 Rxc3 23. Rxc3 Rf4 24. Qc2 Re4+ 25. Kf1 a6 26. Rc8+ Ka7 27. Rc7 Qf8 28. Qc6 1-0

[Event "Titled Tuesday intern op 18th Apr Early"]
[Site "Chess.com INT"]
[Date "2023.04.18"]
[Round "2"]
[White "Mihajlovskij, Sergei"]
[Black "Harriott, Tyrell"]
[Result "0-1"]
[WhiteElo "2326"]
[BlackElo "1889"]
[PlyCount "144"]
[EventDate "2023.04.18"]
[EventType "swiss (blitz)"]
[EventRounds "11"]
[EventCountry "USA"]
[SourceTitle "EXT 2024"]
[Source "ChessBase"]
[SourceDate "2023.10.10"]
[SourceVersion "1"]
[SourceVersionDate "2023.10.10"]
[SourceQuality "1"]

1. e4 d6 2. d4 Nf6 3. Nc3 Nbd7 4. Nf3 e5 5. Bc4 Be7 6. a4 0-0 7. 0-0 c6 8. h3 Qc7 9. Qe2 h6 10. Be3 Re8 11. Rfd1 Nf8 12. d5 c5 13. a5 Rb8 14. Nb5 Qd8 15. Nc3 Ng6 16. Kh2 Nh7 17. b3 Bg5 18. Nxg5 hxg5 19. Qh5 Nf4 20. Bxf4 gxf4 21. g3 g6 22. Qh6 Qf6 23. g4 Bd7 24. f3 Qg7 25. Qxg7+ Kxg7 26. Bb5 Red8 27. a6 b6 28. Kg2 Nf6 29. Bxd7 Rxd7 30. Nb5 Rh8 31. c4 Rh4 32. Rh1 Nh7 33. Ra2 Ng5 34. Rh2 f5 35. exf5 gxf5 36. Re2 fxg4 37. hxg4 Rxh2+ 38. Kxh2 Nxf3+ 39. Kg2 Ng5 40. Re1 e4 41. Rh1 Kf6 42. Rh6+ Ke5 43. Rh5 Kf6 44. Rh6+ Kg7 45. Rh5 Kg6 46. Rh8 e3 47. Rg8+ Kf6 48. Rf8+ Ke5 49. Rf5+ Ke4 50. Rxg5 f3+ 51. Kg3 f2 52. Kg2 Rh7 53. Nxd6+ Kd3 54. Rh5 Rg7 55. g5 Rg8 56. Nf5 Rf8 57. Ng3 e2 58. Rh3 f1Q+ 59. Nxf1+ Kc2 60. Ne3+ Kd2 61. Rh1 Kxe3 62. Re1 Kd2 63. Rxe2+ Kxe2 64. Kg3 Ke3 65. Kg4 Ke4 66. g6 Ke5 67. Kg5 Rf2 68. Kh6 Kf6 69. Kh7 Rg2 70. d6 Rxg6 71. d7 Rg7+ 72. Kh8 Rxd7 0-1

[Event "Titled Tuesday intern op 18th Apr Early"]
[Site "Chess.com INT"]
[Date "2023.04.18"]
[Round "6"]
[White "Mihajlovskij, Sergei"]
[Black "Vila Dupla, Aurelio"]
[Result "0-1"]
[WhiteElo "2326"]
[BlackElo "2030"]
[PlyCount "124"]
[EventDate "2023.04.18"]
[EventType "swiss (blitz)"]
[EventRounds "11"]
[EventCountry "USA"]
[SourceTitle "EXT 2024"]
[Source "ChessBase"]
[SourceDate "2023.10.10"]
[SourceVersion "1"]
[SourceVersionDate "2023.10.10"]
[SourceQuality "1"]

1. e4 c5 2. Nf3 d6 3. d4 cxd4 4. Qxd4 Nc6 5. Bb5 Bd7 6. Bxc6 Bxc6 7. Nc3 Nf6 8. Bg5 e6 9. 0-0-0 Be7 10. Rhe1 0-0 11. Qd3 Qa5 12. Kb1 Rfc8 13. h4 Rab8 14. Nd4 b5 15. Bxf6 Bxf6 16. Nb3 Qb6 17. f3 a5 18. Ne2 d5 19. Nbd4 dxe4 20. fxe4 Rd8 21. Qe3 e5 22. Nf5 Qxe3 23. Nxe3 Bxh4 24. g3 Bg5 25. Nd5 Rd7 26. Ng1 Rbd8 27. Nf3 Bf6 28. g4 Bxd5 29. exd5 Rxd5 30. Rxd5 Rxd5 31. g5 Be7 32. Nxe5 Bxg5 33. Nc6 h5 34. Nxa5 h4 35. c4 bxc4 36. Nxc4 h3 37. Rh1 Rd3 38. Ne5 Re3 39. Ng4 Rg3 40. Nf2 Rg2 41. Nxh3 Bf6 42. Rg1 Rxb2+ 43. Kc1 Rxa2 44. Rg4 Rh2 45. Nf4 Rh4 46. Rxh4 Bxh4 47. Ng2 Bg5+ 48. Kd1 f5 49. Ke2 g6 50. Kf3 Kf7 51. Ne1 Bf6 52. Nd3 Bd4 53. Nf4 Kf6 54. Nd5+ Kg5 55. Nf4 Be5 56. Nd5 Bd6 57. Nc3 Kf6 58. Nd5+ Ke5 59. Nf4 g5 60. Ng6+ Kf6 61. Nh8 Kg7 62. Nf7 Kxf7 0-1

[Event "Titled Tuesday intern op 18th Apr Early"]
[Site "Chess.com INT"]
[Date "2023.04.18"]
[Round "7"]
[White "Quirke, Jeffrey"]
[Black "Mihajlovskij, Sergei"]
[Result "1/2-1/2"]
[WhiteElo "2007"]
[BlackElo "2326"]
[PlyCount "97"]
[EventDate "2023.04.18"]
[EventType "swiss (blitz)"]
[EventRounds "11"]
[EventCountry "USA"]
[SourceTitle "EXT 2024"]
[Source "ChessBase"]
[SourceDate "2023.10.10"]
[SourceVersion "1"]
[SourceVersionDate "2023.10.10"]
[SourceQuality "1"]

1. e4 d5 2. exd5 Qxd5 3. Nc3 Qe5+ 4. Be2 Bg4 5. d4 Bxe2 6. Qxe2 Qxe2+ 7. Kxe2 c6 8. Nf3 Nf6 9. Bf4 Nbd7 10. h3 e6 11. Rhe1 0-0-0 12. Rad1 h6 13. Nb1 g5 14. Bh2 Bg7 15. c3 Nd5 16. Kf1 N7b6 17. Nbd2 Rhe8 18. Ne4 Nc4 19. Re2 b6 20. Ne1 f5 21. Ng3 Nf4 22. Rc2 c5 23. Ne2 Nxe2 24. Kxe2 Kb7 25. dxc5 bxc5 26. b3 Nb6 27. c4 Bd4 28. Nf3 e5 29. Nxd4 exd4+ 30. Kf1 a5 31. Re2 Rxe2 32. Kxe2 Re8+ 33. Kd3 Kc6 34. f4 Nc8 35. fxg5 hxg5 36. Rd2 Re3+ 37. Kc2 f4 38. h4 Rc3+ 39. Kb2 gxh4 40. Bxf4 a4 41. Re2 axb3 42. axb3 Kd7 43. Bg5 Nd6 44. Bxh4 Nf5 45. Bf2 Rd3 46. Kc2 Rc3+ 47. Kb2 Rd3 48. Kc2 Rc3+ 49. Kb2 1/2-1/2

[Event "Titled Tuesday intern op 18th Apr Early"]
[Site "Chess.com INT"]
[Date "2023.04.18"]
[Round "4"]
[White "Seder, Mohamad"]
[Black "Mihajlovskij, Sergei"]
[Result "1-0"]
[WhiteElo "2024"]
[BlackElo "2326"]
[PlyCount "39"]
[EventDate "2023.04.18"]
[EventType "swiss (blitz)"]
[EventRounds "11"]
[EventCountry "USA"]
[SourceTitle "EXT 2024"]
[Source "ChessBase"]
[SourceDate "2023.10.10"]
[SourceVersion "1"]
[SourceVersionDate "2023.10.10"]
[SourceQuality "1"]

1. e4 c5 2. Nf3 Nc6 3. Bb5 g6 4. 0-0 Bg7 5. c3 Nf6 6. Re1 0-0 7. d4 d5 8. e5 Ne4 9. Nbd2 Bg4 10. Nxe4 dxe4 11. Rxe4 Bxf3 12. Qxf3 cxd4 13. Bxc6 bxc6 14. Rxd4 Qb6 15. Rb4 Qc7 16. Bf4 Bxe5 17. Bxe5 Qxe5 18. Qxc6 Qe2 19. Qe4 Qc2 20. Qxc2 1-0

[Event "Orsha op-A 21st"]
[Site "Orsha"]
[Date "2023.01.21"]
[Round "4"]
[White "Mihajlovskij, Sergei"]
[Black "Aleksandrov, Aleksej"]
[Result "0-1"]
[WhiteElo "2327"]
[BlackElo "2496"]
[PlyCount "113"]
[EventDate "2023.01.19"]
[EventType "swiss"]
[EventRounds "9"]
[EventCountry "BLR"]
[SourceTitle "CBM 212 Extra"]
[Source "ChessBase"]
[SourceDate "2023.03.31"]
[SourceVersion "1"]
[SourceVersionDate "2023.03.31"]
[SourceQuality "1"]

1. c4 e6 2. g3 d5 3. Bg2 Nf6 4. Nf3 dxc4 5. Qa4+ Nbd7 6. Qxc4 c5 7. 0-0 b6 8. a4 Bb7 9. a5 Be7 10. Nc3 0-0 11. d4 bxa5 12. Rd1 Qb6 13. Qa2 cxd4 14. Nxd4 Bxg2 15. Kxg2 Bb4 16. f3 e5 17. Nb3 e4 18. Nxa5 exf3+ 19. exf3 Rfe8 20. Nc4 Qc6 21. Qa6 Nb6 22. Na5 Qe6 23. Rf1 Rac8 24. Rf2 h5 25. h4 Nfd7 26. Qb5 Bc5 27. Re2 Qg6 28. Nb3 Bd6 29. Qg5 Rxe2+ 30. Nxe2 Qd3 31. Nbd4 Rc5 32. Qd2 Qg6 33. Rxa7 Nf6 34. Ra6 Nc4 35. Qe1 Qd3 36. Ra8+ Kh7 37. Rd8 Rd5 38. Qc3 Qxc3 39. bxc3 Ra5 40. Rc8 Ra4 41. Kf2 Nd5 42. g4 Be5 43. gxh5 Nxc3 44. Bf4 Bxd4+ 45. Nxd4 Nd5 46. Bc1 Ncb6 47. Rf8 Rxd4 48. Rxf7 Rc4 49. Bg5 Rc7 50. Rxc7 Nxc7 51. f4 Ncd5 52. Kf3 Nd7 53. f5 N7f6 54. h6 gxh6 55. Bxh6 Kxh6 56. h5 Kxh5 57. Ke2 0-1

[Event "Minsk op"]
[Site "Minsk"]
[Date "2022.08.03"]
[Round "1"]
[White "Mihajlovskij, Sergei"]
[Black "Koishman, Karina"]
[Result "1-0"]
[WhiteElo "2370"]
[BlackElo "1511"]
[PlyCount "41"]
[EventDate "2022.08.03"]
[EventType "swiss"]
[EventRounds "9"]
[EventCountry "BLR"]
[SourceTitle "CBM 209 Extra"]
[Source "ChessBase"]
[SourceDate "2022.09.30"]
[SourceVersion "1"]
[SourceVersionDate "2022.09.30"]
[SourceQuality "1"]

1. c4 e5 2. Nc3 Nf6 3. g3 d5 4. cxd5 Nxd5 5. Bg2 Nxc3 6. bxc3 Bc5 7. Qa4+ c6 8. Nf3 Qe7 9. 0-0 0-0 10. d4 Bd6 11. Qc2 e4 12. Nd2 f5 13. Nc4 Bc7 14. Ba3 Qf7 15. Bxf8 Qxc4 16. Ba3 Kh8 17. Qb3 Qxb3 18. axb3 Be6 19. f3 e3 20. f4 Nd7 21. Rf3 1-0

[Event "Orsha blitz op"]
[Site "Orsha"]
[Date "2019.01.19"]
[Round "2"]
[White "Mihajlovskij, Sergei"]
[Black "Navumenka, Mikhei"]
[Result "0-1"]
[WhiteElo "2406"]
[BlackElo "1901"]
[PlyCount "62"]
[EventDate "2019.01.19"]
[EventType "swiss (blitz)"]
[EventRounds "10"]
[EventCountry "BLR"]
[SourceTitle "CBM 189 Extra"]
[Source "ChessBase"]
[SourceDate "2019.06.03"]
[SourceVersion "1"]
[SourceVersionDate "2019.06.03"]
[SourceQuality "1"]

1. d4 Nf6 2. Nc3 e6 3. e4 d5 4. e5 Nfd7 5. f4 c5 6. Nf3 Nc6 7. Be3 Qb6 8. Qd2 cxd4 9. Nxd4 Nxd4 10. Bxd4 Bc5 11. Na4 Qc7 12. Nxc5 Nxc5 13. Bb5+ Bd7 14. Bxc5 Bxb5 15. Bd6 Qc4 16. b3 Qe4+ 17. Kf2 Rc8 18. Rac1 g5 19. fxg5 Qf5+ 20. Kg1 Rg8 21. h4 Qg4 22. Qf2 Rg6 23. Rh3 h6 24. Rf3 Rg7 25. Rf4 Qh5 26. gxh6 Qxh6 27. Re1 Qh7 28. c4 dxc4 29. bxc4 Bc6 30. Qxa7 Qg8 31. Qf2 Rxg2+ 0-1

[Event "Orsha op"]
[Site "Orsha"]
[Date "2019.01.18"]
[Round "2"]
[White "Elkin, Leonid"]
[Black "Mihajlovskij, Sergei"]
[Result "0-1"]
[WhiteElo "2085"]
[BlackElo "2406"]
[PlyCount "56"]
[EventDate "2019.01.18"]
[EventType "swiss"]
[EventRounds "9"]
[EventCountry "BLR"]
[SourceTitle "CBM 188 Extra"]
[Source "ChessBase"]
[SourceDate "2019.02.26"]
[SourceVersion "1"]
[SourceVersionDate "2019.02.26"]
[SourceQuality "1"]

1. d4 c5 2. d5 e5 3. c4 d6 4. e4 Be7 5. Nc3 Bg5 6. h3 Bxc1 7. Rxc1 Ne7 8. Bd3 a6 9. Nge2 Nd7 10. 0-0 0-0 11. Ng3 Rb8 12. Nf5 Nf6 13. Qf3 g6 14. Ne3 Nh5 15. Qd1 Nf4 16. Ne2 b5 17. b3 Bd7 18. Qd2 f6 19. cxb5 axb5 20. Ra1 Ra8 21. Rfc1 Qb6 22. Nxf4 exf4 23. Nd1 g5 24. Nb2 Ra3 25. Qe2 Ng6 26. Qh5 Ne5 27. Bf1 Be8 28. Qh6 Bg6 0-1

[Event "BLR-ch 1st stage"]
[Site "Minsk"]
[Date "2016.12.11"]
[Round "9"]
[White "Mihajlovskij, Sergei"]
[Black "Leinov, Roman"]
[Result "1-0"]
[WhiteElo "2411"]
[BlackElo "2129"]
[PlyCount "91"]
[EventDate "2016.12.03"]
[EventType "swiss"]
[EventRounds "9"]
[EventCountry "BLR"]
[SourceTitle "CBM 176 Extra"]
[Source "ChessBase"]
[SourceDate "2017.03.02"]
[SourceVersion "1"]
[SourceVersionDate "2017.03.02"]
[SourceQuality "1"]

1. Nf3 d5 2. c4 e6 3. g3 c6 4. Bg2 Nf6 5. 0-0 Be7 6. b3 0-0 7. Bb2 b5 8. d3 Bb7 9. Nbd2 Nbd7 10. Qc2 Rc8 11. Rfc1 Qb6 12. a4 a5 13. e3 Rfd8 14. d4 b4 15. c5 Qc7 16. e4 Nxe4 17. Nxe4 dxe4 18. Qxe4 Nf6 19. Qe2 Nd5 20. Rc2 Bf6 21. Re1 Ra8 22. h4 g6 23. Qe4 Bg7 24. Rd2 Nf6 25. Qe5 Qd7 26. Qe2 Ba6 27. Qd1 Nd5 28. Qc2 Qc7 29. Ne5 Rac8 30. Rdd1 Re8 31. Bf3 Red8 32. Kg2 Ne7 33. h5 Bb7 34. hxg6 hxg6 35. Bc1 Nf5 36. Qe4 Rd5 37. Qf4 Bxe5 38. dxe5 Rxd1 39. Rxd1 Rd8 40. Rd6 Qe7 41. Qg5 Qxg5 42. Bxg5 Rb8 43. Rd7 Ba6 44. g4 Ng7 45. Bxc6 Rc8 46. Rd8+ 1-0